000 00521nam a2200169Ia 4500
008 090711s9999 xx 000 0 und d
082 _b52445
100 _aमेहता शशिकला
245 _aअनार की कश्मीरा
260 _c1986
300 _a194
600 _aमेहता शशिकला
630 _aअनार की कश्मीरा
700 _aमेहता शशिकला
730 _aअनार की कश्मीरा
942 _cBOOK
999 _c301905
_d301905